Swedish for... - Statistics

General Stats
  • This quiz has been taken 241 times
  • The average score is 13 of 17
Answer Stats
English Swedish % Correct
Hello! Hej!
96%
Yes! Ja!
96%
Thank you! Tack!
93%
No! Nej!
92%
Dog Hund
89%
Cat Katt
88%
Goodbye! Hejdå!
84%
House Hus
84%
Wednesday Onsdag
78%
Week Vecka
78%
Cow Ko
74%
Monday Måndag
74%
Month Månad
68%
Hospital Sjukhus
61%
Sheep (Plural) Får
46%
Shop/Store Butik
42%
Office Kontor
42%
No matching quizzes found
Score Distribution
Percent of People with Each Score
Percentile by Number Answered
Your Score History
You have not taken this quiz